<?xml version="1.0" encoding="UTF-8"?>
<record
    xmlns:xsi="http://www.w3.org/2001/XMLSchema-instance"
    xsi:schemaLocation="http://www.loc.gov/MARC21/slim http://www.loc.gov/standards/marcxml/schema/MARC21slim.xsd"
    xmlns="http://www.loc.gov/MARC21/slim">

  <leader>00897nam a2200265 a 4500</leader>
  <controlfield tag="001">BRL_1685</controlfield>
  <controlfield tag="003">FranzMayer</controlfield>
  <controlfield tag="005">20230918123035.0</controlfield>
  <controlfield tag="008">280414s2009----mx-a######---#000-0#spa-#</controlfield>
  <datafield tag="040" ind1=" " ind2=" ">
    <subfield code="c">mfm</subfield>
  </datafield>
  <datafield tag="041" ind1=" " ind2=" ">
    <subfield code="a">spa</subfield>
  </datafield>
  <datafield tag="044" ind1=" " ind2=" ">
    <subfield code="a">mx</subfield>
  </datafield>
  <datafield tag="050" ind1=" " ind2="4">
    <subfield code="a">NK844</subfield>
    <subfield code="b">.A54 2009</subfield>
  </datafield>
  <datafield tag="100" ind1="1" ind2=" ">
    <subfield code="a">Anguiano, Mariana</subfield>
    <subfield code="9">27630</subfield>
  </datafield>
  <datafield tag="245" ind1="1" ind2="0">
    <subfield code="a">Artesan&#xED;a ritual tradicional</subfield>
    <subfield code="c">Mariana Anguiano ; revisi&#xF3;n y actualizaci&#xF3;n Marco Buenrostro.</subfield>
  </datafield>
  <datafield tag="260" ind1=" " ind2=" ">
    <subfield code="a">M&#xE9;xico</subfield>
    <subfield code="b">FONART Fondo Nacional para el Fomento de las Artesan&#xED;as</subfield>
    <subfield code="c">2009</subfield>
  </datafield>
  <datafield tag="300" ind1=" " ind2=" ">
    <subfield code="a">47 p.</subfield>
    <subfield code="b">il.</subfield>
    <subfield code="c">21 cm.</subfield>
  </datafield>
  <datafield tag="440" ind1=" " ind2="0">
    <subfield code="a">Artesan&#xED;as tradicionales. Apuntes monogr&#xE1;ficos</subfield>
    <subfield code="9">27490</subfield>
  </datafield>
  <datafield tag="500" ind1=" " ind2=" ">
    <subfield code="a">Un ejemplar en Anexo 1</subfield>
  </datafield>
  <datafield tag="650" ind1="1" ind2="4">
    <subfield code="a">Arte popular</subfield>
    <subfield code="z">M&#xE9;xico</subfield>
    <subfield code="9">882</subfield>
  </datafield>
  <datafield tag="650" ind1="1" ind2="4">
    <subfield code="a">Ind&#xED;genas de M&#xE9;xico</subfield>
    <subfield code="x">Religi&#xF3;n y Mitolog&#xED;a</subfield>
    <subfield code="9">23675</subfield>
  </datafield>
  <datafield tag="651" ind1=" " ind2="4">
    <subfield code="a">M&#xE9;xico</subfield>
    <subfield code="x">Vida religiosa y costumbres</subfield>
    <subfield code="9">27631</subfield>
  </datafield>
  <datafield tag="700" ind1="1" ind2=" ">
    <subfield code="a">Buenrostro, Marco</subfield>
    <subfield code="9">11025</subfield>
  </datafield>
  <datafield tag="942" ind1=" " ind2=" ">
    <subfield code="2">lcc</subfield>
    <subfield code="c">B</subfield>
  </datafield>
  <datafield tag="999" ind1=" " ind2=" ">
    <subfield code="c">10494</subfield>
    <subfield code="d">10494</subfield>
  </datafield>
  <datafield tag="952" ind1=" " ind2=" ">
    <subfield code="0">0</subfield>
    <subfield code="1">0</subfield>
    <subfield code="4">0</subfield>
    <subfield code="7">0</subfield>
    <subfield code="a">BRL</subfield>
    <subfield code="b">BRL</subfield>
    <subfield code="d">2014-04-28</subfield>
    <subfield code="l">0</subfield>
    <subfield code="o">NK844 .A54 2009</subfield>
    <subfield code="p">00040</subfield>
    <subfield code="r">2019-03-22 00:00:00</subfield>
    <subfield code="w">2019-03-22</subfield>
    <subfield code="y">B</subfield>
  </datafield>
  <datafield tag="952" ind1=" " ind2=" ">
    <subfield code="0">0</subfield>
    <subfield code="1">0</subfield>
    <subfield code="2">lcc</subfield>
    <subfield code="4">0</subfield>
    <subfield code="7">0</subfield>
    <subfield code="8">FCON</subfield>
    <subfield code="a">BRCA</subfield>
    <subfield code="b">BRCA</subfield>
    <subfield code="d">2023-08-28</subfield>
    <subfield code="l">0</subfield>
    <subfield code="o">NK844 .A54 2009</subfield>
    <subfield code="p">CONT10128</subfield>
    <subfield code="r">2023-08-28 00:00:00</subfield>
    <subfield code="w">2023-08-28</subfield>
    <subfield code="y">B</subfield>
  </datafield>
</record>
